| 000 | 00390nam a2200109Ia 4500 | ||
|---|---|---|---|
| 008 | 171212s9999 xx 000 0 und d | ||
| 100 | _aCole, Lucinda | ||
| 245 |
_cCole, Lucinda _aImperfect Creatures _bVermin, Literature, and the Sciences of Life, 1600-1740 |
||
| 260 |
_bUniversity of Michigan Press _c2016 |
||
| 650 | _aLanguage & Literature | ||
| 856 | _uhttp://jstor.org/stable/j.ctt1gk0873 | ||
| 999 |
_c352996 _d352996 |
||